Statistics for 2000s Sitcoms by Picture

Click here to take the quiz!

General Stats

  • This quiz has been taken 216 times
    (185 since last reset)
  • The average score is 13 of 28

Answer Stats

Answer% Correct
The Office
95%
The Big Bang Theory
93%
Modern Family
85%
How I Met Your Mother
83%
Scrubs
73%
Two and a Half Men
66%
Malcolm in the Middle
63%
Parks and Recreation
63%
It's Always Sunny in Philadelphia
61%
Community
60%
Archer
53%
30 Rock
51%
Arrested Development
49%
Curb Your Enthusiasm
44%
The Middle
44%
My Name is Earl
43%
Cougar Town
37%
Trailer Park Boys
36%
The IT Crowd
34%
The Inbetweeners
31%
Entourage
26%
8 Simple Rules
24%
My Wife and Kids
24%
Peep Show
19%
Flight of the Conchords
17%
Miranda
17%
Black Books
12%
Extras
11%

Score Distribution

Percentile by Number Answered

Percent of People with Each Score

Your Score History

You have not taken this quiz since the last reset